Statistics for John Cleese Filmography

Click here to take the quiz!

General Stats

  • This quiz has been taken 40 times
    (4 since last reset)
  • The average score is 17 of 301

Answer Stats

TypeYearName% Correct
Film1975Monty Python and the Holy Grail
100%
TV Show1969-1973Monty Python's Flying Circus
100%
Film1983Monty Python's The Meaning of Life
100%
Video Game1997Monty Python's The Meaning of Life
100%
Film1988A Fish Called Wanda
75%
TV Show1975-1979Fawlty Towers
75%
Documentary2001Fawlty Towers: An Interview with John Cleese
75%
Film1979Monty Python's Life of Brian
75%
Film2003Charlie's Angels: Full Throttle
50%
Film1986Clockwise
50%
Film1997Fierce Creatures
50%
Film2002Harry Potter and the Chamber of Secrets
50%
Film2001Harry Potter and the Philosopher's Stone
50%
Film2004Shrek 2
50%
Film2010Shrek Forever After
50%
TV Show1998-20013rd Rock from the Sun
25%
TV Show2002Disney's House of Mouse
25%
Film1997George of the Jungle
25%
Film2003George of the Jungle 2
25%
Short Film2003John Cleese's the Meaning of Life
25%
Concert Film1982Monty Python Live at the Hollywood Bowl
25%
Theater2014Monty Python Live (Mostly)
25%
TV Mini-Series1972Monty Python's Fliegender Zirkus
25%
TV Special1998Monty Python's Flying Circus: Live at Aspen
25%
Film2001Rat Race
25%
Film1994Rudyard Kipling's The Jungle Book
25%
TV Show1997Saturday Night Live
25%
Video Game2007Shrek the Third
25%
Film2007Shrek the Third
25%
Theater2005-2009Spamalot
25%
Film2010Spud
25%
Film2013Spud 2: The Madness Continues
25%
Film2014Spud 3: Learning to Fly
25%
Film2023The Palace
25%
Film2009The Pink Panther 2
25%
Film1977The Strange Case of the End of Civilization as We Know It
25%
Film1994The Swan Princess
25%
Film1981Time Bandits
25%
Film2016Trolls
25%
TV Show2003-2004Will & Grace
25%
Video Game2000007 Racing
0%
Commercial2010-2011AA
0%
Film2015Absolutely Anything
0%
Music Video2015Absolutely Anything and Anything at All
0%
Commercial2009Accurist
0%
Commercial1978Accurist
0%
TV Show1969A Christmas Night with the Stars
0%
Film2015A.C.O.R.N.S.: Operation Crackdown
0%
Film2016Albion: The Enchanted Stallion
0%
Film2012A Liar's Autobiography: The Untrue Story of Monty Python's Graham Chapman
0%
Short Documentary1988All Change
0%
TV Show1998Amazing World of Animals
0%
Commercial1982American Express
0%
Film1991An American Tail: Fievel Goes West
0%
Film1971And Now for Something Completely Different
0%
Film1973Anyone for Sex?
0%
Film2019Arctic Dogs
0%
Film2005Around the World in 80 Days
0%
Commercial1999Artistdirect.com
0%
TV Show1974Ask Aspel
0%
TV Show1967At Last the 1948 Show
0%
Documentary Series1991, 2000Auntie's Bloomers
0%
Commercial2017Avalon Funeral Plans
0%
Short Film1979Away from It All
0%
Short Film1975Awkward Customers
0%
TV Short1987Baby Quark
0%
Commercial2008Bank Zachodni WBK
0%
TV Show2008Batteries Not Included
0%
Film2011Beethoven's Christmas Adventure
0%
TV Documentary2001Born to Be Wild: Operation Lemur with John Cleese
0%
Short Film1984Budgeting
0%
Film1990Bullseye!
0%
Theater1964-1965Cambridge Circus
0%
Commercial2012Canadian Club
0%
Short Film1976Can We Please Have That the Right Way Round?
0%
TV Show1999Casper & Mandrilaftalen
0%
Commercial1993Cellnet
0%
Short Film2010Change for the Oceans
0%
Film2006Charlotte's Web
0%
Film2018Charming
0%
TV Show1987Cheers
0%
Film2021Clifford the Big Red Dog
0%
Short Documentary2001Clockwatching with Mr. Cleese
0%
Commercial1996Comedy Central
0%
TV Show1973Comedy Playhouse
0%
Commercial1980sCompaq
0%
Film2005Complete Guide to Guys
0%
Short Film1980Cost, Profit, and Break-Even
0%
FilmTBACut the Painter
0%
Commercial2012Czech Olympic Team
0%
Film2022Daddy Daughter Trip
0%
Short Film1975Decisions, Decisions
0%
TV Show1967Dee Time
0%
Short Film1980Depreciation and Inflation
0%
TV Special1992Did I Ever Tell You How Lucky You Are?
0%
Film2002Die Another Day
0%
Commercial2012DirecTV
0%
TV Show1979Doctor Who
0%
Commercial2011Dogtober
0%
TV Short1987Dragonslayer Quark
0%
Commercial1982EAC Multilist
0%
Short Film2000Edwurd Fudwupper Fibbed Big
0%
Commercial2009Elgiganten
0%
Film2018Elliot the Littlest Reindeer
0%
TV Show2010Entourage
0%
Film1989Erik the Viking
0%
TV Special1971Euroshow 71
0%
Video Game2010Fable III
0%
Film2021Father Christmas Is Back
0%
TV Show2015Fawlty at Forty
0%
TV Show1979Food, Wine & Friends
0%
Commercial1981Giroblauw
0%
TV Short1981Giroblauw Met John Cleese
0%
Film2012God Loves Caviar
0%
TV Show1969Goodbye Again
0%
Film1979Good King Memorex
0%
Short Film1990Grime Goes Green: Your Business and the Environment
0%
Theater1965-1966Half a Sixpence
0%
Commercial2009Hashahar Ha'oleh
0%
Commercial1993-1995Health Education Authority
0%
Commercial2002Heineken
0%
TV Pilot2001H.M.O.
0%
TV Show2018-2019Hold the Sunset
0%
Short Film1975How Not to Exhibit Yourself
0%
TV Film1968How to Irritate People
0%
FilmTBAHow to Make Her Cheat
0%
FilmTBAI Am Khama!
0%
Short Film1979I'd Like a Word with You
0%
Film2008Igor
0%
Short Film1975I'll Think About It
0%
Radio Series1972I'm Sorry I Haven't a Clue
0%
Radio Series1964-1973I'm Sorry, I'll Read That Again
0%
Commercial2005Intel
0%
Film1968Interlude
0%
Documentary Series1998In the Wild
0%
Film2000Isn't She Great
0%
Short Film1973Is This a Record?
0%
TV Show1975It's Alright, It's Only a Customer
0%
Video Game2005Jade Empire
0%
Commercial2001James Bond 007: Agent Under Fire
0%
Video Game2003James Bond 007: Everything or Nothing
0%
TV Documentary2015Jan Gintberg Møder John Cleese
0%
Short TV Documentary1999John Cleese & Anders Lund Madsen
0%
Documentary1988John Cleese's First Farewell Performance
0%
Short TV Documentary1997John Cleeses Fornemmelse for Humor
0%
Stand-Up Special2011John Cleese: The Alimony Tour
0%
TV Show1971Jokers Wild
0%
TV Show2007, 2009Just for Laughs
0%
Commercial2006-2008Kaupthing Bank
0%
TV Show1998Kiss Me Kate
0%
TV Show1993Last of the Summer Wine
0%
Documentary Mini-Series1999Laughter in the House: The Story of British Sitcom
0%
Film2010Legend of the Guardians: The Owls of Ga'Hoole
0%
Film2006L'entente Cordiale
0%
Commercial1998Lexus
0%
TV Documentary1990Life of Python
0%
Short Documentary2010Life on Planet 51
0%
Commercial2002Little Tikes
0%
TV Mini-Series1995Look at the State We're In!
0%
Commercial1983Lowney's Peanut Butter Cups
0%
TV Show1999, 2001MADtv
0%
Commercial1991-1994Magnavox
0%
Film2006Man About Town
0%
Training Film1988Managing Problem People. Behavioral Skills for Leaders
0%
Short Documentary1974Man Hunt
0%
Film1994Mary Shelley's Frankenstein
0%
Commercial1987Master Blend
0%
Commercial1986Maxwell House
0%
Short Film1993Meetings, Bloody Meetings
0%
Short Film1976Meetings, Bloody Meetings
0%
Commercial1999Melba Toast
0%
TV Show1999Mickey Mouse Works
0%
Film2001Mickey's House of Villains
0%
Film2001Mickey's Magical Christmas: Snowed in at the House of Mouse
0%
TV Show2011-2014Mini Adventures of Winnie the Pooh
0%
TV Show1971Misleading Cases
0%
TV Special1971Montreux 1971
0%
Documentary Mini-Series2009Monty Python: Almost the Truth - The Lawyer's Cut
0%
Video Game1994Monty Python's Complete Waste of Time
0%
TV Show2006Monty Python's Personal Best
0%
Video Game1996Monty Python & The Quest for the Holy Grail
0%
Short Film1975More Awkward Customers
0%
Commercial1993Nestlé Milk Chocolate
0%
Theater1965New Cambridge Circus
0%
Commercial1996Norwich Union Direct
0%
TV Show1979-1980Not the Nine O'Clock News
0%
TV Mini-Series2014Over the Garden Wall
0%
TV Special1989Parrot Sketch Not Included: Twenty Years of Monty Python
0%
Video Game2016Payday 2
0%
Short Film2005Performance Matters: The Importance of Praise
0%
TV Special1980Peter Cook & Co.
0%
Film2002Pinocchio
0%
Film2013Planes
0%
Film2009Planet 51
0%
Commercial1980sPlanters Pretzels
0%
TV Documentary1976Pleasure at Her Majesty's
0%
Commercial1982Postbank
0%
Film1982Privates on Parade
0%
TV Documentary1999Python Night: 30 Years of Monty Python
0%
Short Film2000Quantum Project
0%
TV Short1987Quark and the Highway Robber
0%
Commercial1992QuitLine
0%
Video Game2017Raid: World War II
0%
Film2023Rally Road Racers
0%
TV Show1979Ripping Yarns
0%
Short Film2000Rockstar
0%
Short Film1974Romance with a Double Bass
0%
Commercial1970sRoyal Mails
0%
Commercial1998-1999Sanisbury's
0%
Commercial1990-1992Schweppes
0%
Film2003Scorched
0%
TV Show1971-1974Sez Les
0%
Film1985Silverado
0%
Video Game2012Smart As...
0%
TV Show1967Something Special
0%
Commercial1980-1982Sony
0%
TV Mini-Series1984So You Want to Be a Success at Selling?
0%
Commercial2015Specsavers
0%
TV Show2018Speechless
0%
Film1993Splitting Heirs
0%
Video Game1998Starship Titanic
0%
Video Game1994Storybook Weaver
0%
TV Show2020Strictly Come Dancing
0%
Short Film2002Taking the Wheel
0%
Commercial1988, 1992-1993Talking Pages
0%
Commercial2006TBS
0%
Commercial1996Tele Danmark
0%
Commercial1975Texaco
0%
Writer1962-1963That Was the Week That Was
0%
Film2002The Adventures of Pluto Nash
0%
TV Show1968The Avengers
0%
Short Film1977The Balance Sheet Barrier
0%
Film1969The Best House in London
0%
Film1989The Big Picture
0%
Film2011The Big Year
0%
Film1968The Bliss of Mrs. Blossom
0%
Short Film1976The Cold Call
0%
TV Short1999The Comedy Trail: A Shaggy Dog Story
0%
Short Film1978The Control of Working Capital
0%
Film Story2013The Croods
0%
Film2008The Day the Earth Stood Still
0%
TV Show2023The Dinosaur Hour
0%
Video Game2014The Elder Scrolls Online
0%
Video Game2017The Elder Scrolls Online: Morrowind
0%
Short Film1977The Fortune Teller
0%
TV Show1966-1967The Frost Report
0%
TV Show1973The Goodies
0%
TV Show1968The Goon Show
0%
Film1981The Great Muppet Caper
0%
Documentary Mini-Series2001The Human Face
0%
Documentary1998The John Cleese Interview
0%
Film2013The Last Impresario
0%
Film1969The Magic Christian
0%
Film2000The Magic Pudding
0%
Documentary Series2011, 2012The Many Faces of...
0%
Film2023The Martini Shot
0%
Short Film1975The Meeting of Minds
0%
TV Documentary1977The Mermaid Frolics
0%
TV Show1977The Muppet Show
0%
Film2019The Naked Wanderer
0%
Film1999The Out-of-Towners
0%
TV Special1980The Queen Special
0%
Film1970The Rise and Rise of Michael Rimmer
0%
TV Special1971The Ronnie Barker Yearbook
0%
TV Special1979The Secret Policeman's Ball
0%
TV Special1989The Secret Policeman's Biggest Ball
0%
TV Special1982The Secret Policeman's Other Ball
0%
TV Special1987The Secret Policeman's Third Ball
0%
Film1971The Statue
0%
TV Film1980The Taming of the Shrew
0%
Short Film1975The Two Minds
0%
TV Show1971The Two Ronnies
0%
Short Film1996The Unorganized Manager, Part One: Damnation
0%
TV Show1994The Unpleasant World of Penn & Teller
0%
Film2020The Very Excellent Mr. Dundee
0%
Film1996The Wind in the Willows
0%
Film1999The World Is Not Enough
0%
Video Game2000The World Is Not Enough
0%
TV Show1977Three Piece Suite
0%
Video Game2004Time Troopers
0%
Commercial2001-2008Titleist
0%
TV Film1979To Norway, Home of Giants
0%
Commercial1998Tostitos
0%
Video Game2004Trivial Pursuit: Unhinged
0%
TV Documentary1988True Stories: Peace in Our Time?
0%
FilmTBATwo Minutes to Midnight
0%
Film1991Um Passo, Outro Passo e Depois...
0%
Film2005Valiant
0%
TV Special2008We Are Most Amused
0%
FilmTBAWedding of the Year
0%
TV Show2002Wednesday 9:30 (8:30 Central)
0%
Commercial2004Westinghouse SaladXpress
0%
Commercial2003Westinghouse Unplugged Vacuum Cleaner
0%
TV Show2012, 2013Whitney
0%
TV Show1982Whoops Apocalypse
0%
Short Film1975Who Sold You This, Then?
0%
Short Film1971Who's There?
0%
Commercial2010William Hill
0%
TV Documentary2004Wine for the Confused
0%
Film2011Winnie the Pooh
0%
Film1983Yellowbeard
0%

Score Distribution

Percentile by Number Answered

Percent of People with Each Score

Your Score History

You have not taken this quiz since the last reset